1984 the Book - Statistics

General Stats
  • This quiz has been taken 21,087 times
  • The average score is 9 of 18
Answer Stats
Question Answer % Correct
Who wrote the book? George Orwell
97%
What is the name of the party leader who is always watching you? Big Brother
89%
What department spreads lies and propoganda? Ministry of {Truth}
64%
What word means "simultaneously accepting two mutually contradictory beliefs as correct"? {Double}think
61%
What department wages war? Ministry of {Peace}
56%
Who is the main character of the book? Winston Smith
54%
What country has that country always been at war with? Eurasia
49%
What language does the party introduce to replace long words like "magnificent" with boring phrases like "double plus good"? {New}speak
49%
What fictional country does the book take place in? Oceania
49%
What government department oversees brainwashing and torture? Ministry of {Love}
47%
What is the main character's worst fear? Rats
42%
Fill in the blank to the opening line of the book. "It was a bright cold day in April, and the clocks were striking _______" Thirteen
37%
Except for when they are at war with .... Eastasia
35%
Who is his love interest? Julia
35%
Where do you get taken to realize your worst fear? Room 101
35%
What is Great Britain now known as? {Airstrip} One
30%
What is that author's real name? Eric Arthur Blair
24%
What is the name of the 2% of people who form the ruling class? {Inner} Party
22%
No matching quizzes found
Score Distribution
Percent of People with Each Score
Percentile by Number Answered
Your Score History
You have not taken this quiz